Statystyki dla 15 krajów o największej liczbie zgonów Covid19 - 9/10/2020

Kliknij tutaj aby rozwiązać quiz!

Ogólne statystyki

  • Ten quiz został rozwiązany 20 razy
  • Średni wynik to 10 z 20

Statystyki odpowiedzi

kraj% Poprawnych
Stany Zjednoczone
83%
Rosja
78%
Francja
72%
Hiszpania
72%
Włochy
72%
Brazylia
67%
Indie
67%
Wielka Brytania
67%
Argentyna
56%
Meksyk
56%
Kolumbia
44%
Szwecja
44%
Chile
39%
Peru
39%
Boliwia
33%
Iran
33%
Republika
Południowej Afryki
33%
Belgia
28%
Ekwador
22%
Panama
22%

Rozkład punktacji

Percentyl według liczby udzielonych odpowiedzi

Procent ludzi z każdym wynikiem

Twoja historia wyników

Nie rozwiązałeś tego quizu